| 000 | 00971nas a22002417a 4500 | ||
|---|---|---|---|
| 005 | 20260529113304.0 | ||
| 008 | 260529b19952000pormr||| |||| 00| z0por d | ||
| 040 | _cBR-ViAPE | ||
| 245 | _aTalismã Gold | ||
| 260 |
_aVitória _bTalismã Gold Editora Empreendimentos, Promoções e Produções Ltda _c1995-2000 |
||
| 300 |
_av. _bil. |
||
| 310 | _aMensal | ||
| 362 | _aAno 1, n. 1 (1995) - n. 32 (2000). | ||
| 500 | _aDisponibilizada apenas a imagem da capa na versão digital, em virtude de restrições de direitos autorais. | ||
| 500 | _aColeção incompleta: disponíveis apenas alguns números do periódico. | ||
| 650 |
_aEconomia _xNegócios _xTecnologia _zEspírito Santo |
||
| 651 |
_aEspírito Santo (Brasil) _vPeriódicos |
||
| 700 |
_aFernandes, José Ângelo da Silva _eDiretor |
||
| 700 |
_aGranja, Antônio Ribeiro _eDiretor |
||
| 710 | _aTalismã Gold Editora Empreendimentos, Promoções e Produções Ltda. | ||
| 942 |
_2ddc _cPER _n1 |
||
| 999 |
_c733 _d733 |
||